L'Estel daurat : l'energia solar / Conrad Meseguer l'energia solar / Conrad Meseguer
Publicado:
Barcelona :
Diputació de Barcelona, Servei d' Ensenyament i Investigació : Editorial Graó de Serveis Pedagògics ,
1985
Descripción Física:
59 p. : il. ; 20 x 21 cm
Colección:
Biblioteca de la classe ; 6
Materias:
Energia solar
MARC
| LEADER | 00000nam a2200000Ia 4500 | ||
|---|---|---|---|
| 001 | 1624 | ||
| 008 | 160829s1985 xx 000 0 cat d | ||
| 080 | |a C-1-380 | ||
| 100 | |a Meseguer, Conrad |9 19882 | ||
| 245 | |a L'Estel daurat : |b l'energia solar / Conrad Meseguer | ||
| 260 | |a Barcelona : |b Diputació de Barcelona, Servei d' Ensenyament i Investigació : |b Editorial Graó de Serveis Pedagògics, |c 1985 | ||
| 300 | |a 59 p. : |b il. ; |c 20 x 21 cm | ||
| 490 | |a Biblioteca de la classe ; 6 | ||
| 650 | |a Energia solar |9 31505 | ||
| 710 | 1 | |a Barcelona (Catalunya : Província). |b Servei d'Ensenyament i Investigació |9 54366 | |
| 901 | |a Arxiu | ||
| 942 | |n 1 | ||
| 952 | |0 0 |1 0 |4 0 |6 C1380 |7 1 |9 41358 |a Arxiu |b Arxiu |d 2016-12-01 |l 0 |o C-1-380 |p 1624 |r 2016-12-01 00:00:00 |w 2016-12-01 |y ARXIU | ||
| 999 | |c 43165 |d 43165 | ||